Polyfunkčný komplex Trinity - monolitická železobetónová konštrukcia

Saved in:
Bibliographic Details
Main Author: Kovácsová, Nora (Author)
Other Authors: Halvonik, Jaroslav (Thesis advisor)
Format: Manuscript Book
Language:Slovak
Published: 2015
Subjects:
Online Access:http://is.stuba.sk/zp/portal_zp.pl?podrobnosti=109294
https://opac.crzp.sk/?fn=detailBiblioForm&sid=E75B5E22D326BA6A98A291CFFF20
Tags: Add Tag
No Tags, Be the first to tag this record!

MARC

LEADER 00000ntm a22000003a 4500
001 stuzp51872
003 SK-STU
005 20231023101433.6
007 ta
008 150427s2015----xo-----f-mn---000-0-slo-d
040 |a STU  |b slo 
041 0 |a slo 
100 1 |a Kovácsová, Nora  |u 010110  |4 aut  |U SvF Stavebná fakulta  |T SvF Katedra betónových konštrukcií a mostov  |X 67351  |U V110  |Y 11  |7 A000067351 
242 0 1 |a Multifunctional complex Trinity - monolithic reinforced concrete structure  |y eng 
245 1 0 |a Polyfunkčný komplex Trinity - monolitická železobetónová konštrukcia 
260 |c 2015 
650 4 |a statický výpočet  |2 slo 
650 4 |a výkresy výstuží  |2 slo 
650 4 |a nosná konštrukcia  |2 slo 
650 4 |a drawings of reinforcement  |2 eng 
650 4 |a structural calculation  |2 eng 
650 4 |a bearing structure  |2 eng 
700 1 |a Halvonik, Jaroslav  |4 ths  |X 2749  |7 A000002749 
856 4 |u http://is.stuba.sk/zp/portal_zp.pl?podrobnosti=109294 
856 4 |u https://opac.crzp.sk/?fn=detailBiblioForm&sid=E75B5E22D326BA6A98A291CFFF20 
SQL |a stuzp51872  |b DDP  |c SLO  |d Polyfunkčný komplex Trinity - monolitická železobetónová konštrukcia  |e 67351  |f Kovácsová, Nora  |g 010110  |h 2749  |i Halvonik, Jaroslav  |j 20150616  |k 945  |l 01  |m http://is.stuba.sk/zp/portal_zp.pl?podrobnosti=109294  |n I-NKS  |o 5.1.5. inžinierske konštrukcie a dopravné stavby